[Event "AUT-chT2M 1112"]
[Site "Austria"]
[Date "2011.10.21"]
[Round "1.4"]
[White "Kranzl, Peter"]
[Black "Dietmayer Kraeutler, Marco"]
[Result "1/2-1/2"]
[WhiteElo "2253"]
[BlackElo "2222"]
[PlyCount "34"]
[EventDate "2011.10.21"]
[EventType "team-tourn"]
[EventRounds "11"]
[EventCountry "AUT"]
[SourceTitle "EXT 2013"]
[Source "ChessBase"]
[SourceDate "2012.11.22"]
[SourceVersion "1"]
[SourceVersionDate "2012.11.22"]
[SourceQuality "1"]
[WhiteTeam "St Valentin"]
[BlackTeam "St Veit/Glan"]
[WhiteTeamCountry "AUT"]
[BlackTeamCountry "AUT"]

1. e4 e5 2. Nf3 Nc6 3. c3 Nf6 4. d4 d6 5. Bb5 Bd7 6. Nbd2 a6 7. Bd3 Bg4 8. h3
Bh5 9. Qb3 Qc8 10. dxe5 dxe5 11. Nh4 Nd7 12. Qc2 Nc5 13. Bc4 Na5 14. Bf1 Nc6
15. Bc4 Na5 16. Bf1 Nc6 17. Bc4 Na5 1/2-1/2

[Event "FICGS__CHESS__RAPID_E__000064"]
[Site "FICGS"]
[Date "2011.10.19"]
[Round "1"]
[White "Melquiades, Jay"]
[Black "Leurette, Marc-Antoine"]
[Result "0-1"]
[WhiteElo "962"]
[BlackElo "1267"]
[PlyCount "60"]
[EventDate "2011.??.??"]
[EventType "rapid"]

1. e4 e5 2. Nf3 Nc6 3. c3 d5 4. Bb5 dxe4 5. Nxe5 Qd5 6. Qa4 Qxe5 7. Bxc6+ Bd7
8. Bxd7+ Kd8 9. d4 Qd6 10. Nd2 Qxd7 11. Qxd7+ Kxd7 12. Nxe4 Re8 13. f3 Nf6 14.
Bg5 Nxe4 15. O-O-O Nf2 16. Rhf1 Nxd1 17. Rxd1 Bd6 18. c4 Kc8 19. c5 Bxh2 20. d5
f6 21. Bh4 Re2 22. d6 Rxg2 23. d7+ Kd8 24. b4 g5 25. b5 gxh4 26. c6 bxc6 27.
bxc6 Bf4+ 28. Kb1 Rhg8 29. Rd4 Rg1+ 30. Kb2 Be5 0-1

[Event "Chigorin Memorial 19th"]
[Site "St Petersburg"]
[Date "2011.10.18"]
[Round "5"]
[White "Turikov, Viktor"]
[Black "Aminov, Andrey"]
[Result "1-0"]
[WhiteElo "2279"]
[BlackElo "2029"]
[PlyCount "105"]
[EventDate "2011.10.14"]
[EventType "swiss"]
[EventRounds "9"]
[EventCountry "RUS"]
[SourceTitle "CBM 144 Extra"]
[Source "ChessBase"]
[SourceDate "2011.10.28"]
[SourceVersion "1"]
[SourceVersionDate "2011.10.28"]
[SourceQuality "1"]

1. e4 e5 2. Nf3 Nc6 3. c3 Nf6 4. d3 d6 5. Nbd2 g6 6. g3 Bg7 7. Bg2 O-O 8. O-O
d5 9. Re1 dxe4 10. dxe4 Be6 11. Qc2 h6 12. b4 a6 13. a4 Qe7 14. Ba3 b5 15. Bf1
Rab8 16. Bb2 Nd7 17. axb5 axb5 18. Ra6 Nd8 19. Rea1 c6 20. Ra7 Rb7 21. c4 Qxb4
22. Rxb7 Nxb7 23. Ba3 Qa5 24. Nb3 Qb6 25. Bxf8 Bxf8 26. cxb5 cxb5 27. Rb1 Nd6
28. Nbd2 Bg7 29. Bxb5 Nxb5 30. Qd3 Qd6 31. Qxb5 Bf8 32. Ra1 Be7 33. Ra6 Qc7 34.
Rc6 Qa7 35. Kg2 Bf6 36. Nc4 Bxc4 37. Rxc4 Kg7 38. Qc6 Nf8 39. Qd5 Qb8 40. Rc5
Ne6 41. Rb5 Qe8 42. Rb7 Nf8 43. h4 h5 44. Ra7 Kg8 45. Nd2 Ne6 46. Ra8 Bd8 47.
Nc4 Qe7 48. Nxe5 Kg7 49. Nc6 Nf4+ 50. gxf4 Qxh4 51. Ne5 Bf6 52. Qxf7+ Kh6 53.
Qxg6# 1-0

[Event "80th GK tournament"]
[Site "http://gameknot.com/chess.pl?"]
[Date "2011.10.17"]
[Round "?"]
[White "Locathah"]
[Black "Agram"]
[Result "0-1"]
[WhiteElo "2129"]
[BlackElo "2221"]
[PlyCount "96"]
[EventDate "2011.??.??"]
[SourceTitle "OM Portal C 201906"]
[Source "Opening Master"]
[SourceDate "2019.06.27"]
[SourceVersion "1"]
[SourceVersionDate "2019.06.27"]
[SourceQuality "1"]

1. e4 e5 2. Nf3 Nc6 3. c3 Nf6 4. d4 Nxe4 5. d5 Ne7 6. Nxe5 Ng6 7. Qd4 Qe7 8.
Qxe4 Qxe5 9. Qxe5+ Nxe5 10. Nd2 Be7 11. Nc4 d6 12. Nxe5 dxe5 13. Bb5+ Bd7 14.
Bxd7+ Kxd7 15. Ke2 c6 16. dxc6+ Kxc6 17. Be3 Rad8 18. Rad1 b6 19. c4 Bc5 20. b3
h5 21. h3 f6 22. h4 a5 23. Rd3 Rxd3 24. Kxd3 Bxe3 25. Kxe3 Rd8 26. g3 f5 27.
Rb1 Kc5 28. a3 e4 29. Kf4 Rd2 30. Kxf5 Kd4 31. Rf1 Rd3 32. b4 Rxa3 33. bxa5
Rf3+ 34. Kg6 bxa5 35. Kxg7 a4 36. Rc1 Rf5 37. Kg6 Rxf2 38. Rd1+ Kc3 39. Re1 Kd3
40. Rd1+ Rd2 41. Rxd2+ Kxd2 42. c5 a3 43. c6 a2 44. c7 a1=Q 45. c8=Q e3 46.
Qd7+ Ke1 47. Qd6 Qb1+ 48. Kxh5 Qd1+ 0-1

[Event "3rd Liga A2"]
[Site "?"]
[Date "2011.10.16"]
[Round "?"]
[White "Cechovic, Stefan"]
[Black "Nemeckay, Rastislav"]
[Result "1-0"]
[WhiteElo "2159"]
[BlackElo "1808"]
[PlyCount "43"]
[EventDate "2011.??.??"]
[SourceTitle "OM OTB B 201907"]
[Source "Opening Master"]
[SourceDate "2019.07.06"]
[SourceVersion "2"]
[SourceVersionDate "2019.07.06"]
[SourceQuality "1"]

1. e4 e5 2. Nf3 Nc6 3. c3 Nf6 4. d4 d6 5. d5 Ne7 6. Bd3 Ng6 7. h3 Be7 8. Be3
Bd7 9. Nbd2 Qc8 10. Qb3 Nh5 11. O-O-O Nhf4 12. Bf1 O-O 13. h4 Bg4 14. g3 Nh5
15. Re1 Bd7 16. Be2 Bg4 17. Bf1 Bd7 18. Nh2 f5 19. exf5 Bxf5 20. g4 Bxg4 21.
Nxg4 Qxg4 22. Bh3 1-0

[Event "FIN-chT 1112"]
[Site "Finland"]
[Date "2011.10.15"]
[Round "3.2"]
[White "Sklyarov, Dmitry V"]
[Black "Kiik, Kalle"]
[Result "1/2-1/2"]
[WhiteElo "2416"]
[BlackElo "2406"]
[PlyCount "43"]
[EventDate "2011.09.17"]
[EventType "team-tourn"]
[EventRounds "11"]
[EventCountry "FIN"]
[SourceTitle "CBM 144 Extra"]
[Source "ChessBase"]
[SourceDate "2011.10.28"]
[SourceVersion "1"]
[SourceVersionDate "2011.10.28"]
[SourceQuality "1"]
[WhiteTeam "Joensuu"]
[BlackTeam "Salo"]
[WhiteTeamCountry "FIN"]
[BlackTeamCountry "FIN"]

1. e4 e5 2. Nf3 Nc6 3. c3 Nf6 4. d3 d5 5. Nbd2 Be7 6. g3 O-O 7. Bg2 dxe4 8.
dxe4 Qd3 9. Qe2 Qxe2+ 10. Kxe2 b6 11. Nh4 Ba6+ 12. Kf3 g6 13. Bf1 Bb7 14. Ng2
Nd8 15. Bd3 Ne6 16. Nb3 Kg7 17. Be3 Rad8 18. Bc2 Ne8 19. Ke2 Ba6+ 20. Ke1 f5
21. exf5 gxf5 22. f4 1/2-1/2

[Event "Dundee & Angus op"]
[Site "Dundee"]
[Date "2011.10.15"]
[Round "3"]
[White "Grove, Michael"]
[Black "Roy, Kiron"]
[Result "1-0"]
[WhiteElo "1851"]
[BlackElo "1424"]
[PlyCount "77"]
[EventDate "2011.10.14"]
[EventType "swiss"]
[EventRounds "5"]
[EventCountry "SCO"]
[SourceTitle "OM OTB B 201907"]
[Source "Opening Master"]
[SourceDate "2019.07.06"]
[SourceVersion "2"]
[SourceVersionDate "2019.07.06"]
[SourceQuality "1"]

1. e4 e5 2. Nf3 Nc6 3. c3 Nf6 4. d4 Nxe4 5. d5 Ne7 6. Nxe5 Ng6 7. Qf3 Nf6 8.
Nxg6 fxg6 9. Bd3 Bc5 10. O-O O-O 11. b4 Bb6 12. Be3 d6 13. Bxb6 axb6 14. Nd2
Bg4 15. Qg3 Qd7 16. f3 Bf5 17. Bc4 b5 18. Bb3 Rf7 19. Rfe1 Re7 20. Rxe7 Qxe7
21. Re1 Qd7 22. Ne4 Re8 23. Ng5 Rxe1+ 24. Qxe1 h6 25. Ne6 Bd3 26. Nf4 Bc4 27.
Bxc4 bxc4 28. Nxg6 Nxd5 29. Qe4 Nb6 30. Qxb7 d5 31. Qb8+ Nc8 32. Qxc8+ Qxc8 33.
Ne7+ Kf7 34. Nxc8 d4 35. Kf2 dxc3 36. Ke2 Ke6 37. Kd1 Kd5 38. Kc2 Kd4 39. a4
1-0

[Event "CZE-chTW U20 1112"]
[Site "Czechia"]
[Date "2011.10.15"]
[Round "1.3"]
[White "Toman, Ondrej"]
[Black "Rydl, Jiri"]
[Result "0-1"]
[WhiteElo "1880"]
[BlackElo "2017"]
[PlyCount "80"]
[EventDate "2011.10.15"]
[EventType "team-tourn"]
[EventRounds "7"]
[EventCountry "CZE"]
[SourceTitle "EXT 2013"]
[Source "ChessBase"]
[SourceDate "2012.11.22"]
[SourceVersion "1"]
[SourceVersionDate "2012.11.22"]
[SourceQuality "1"]
[WhiteTeam "Udlice"]
[BlackTeam "Vlasim"]
[WhiteTeamCountry "CZE"]
[BlackTeamCountry "CZE"]

1. e4 e5 2. Nf3 Nc6 3. c3 d5 4. Qa4 dxe4 5. Nxe5 Qd5 6. Nxc6 bxc6 7. Bc4 Qd6 8.
O-O Be7 9. Re1 Nf6 10. d4 O-O 11. b4 Bf5 12. Nd2 Nd5 13. Qb3 Rfe8 14. Nf1 a5
15. Ng3 Bg6 16. Bd2 Bf6 17. a3 h5 18. Be3 Nxe3 19. fxe3 h4 20. Ne2 Bg5 21. Nf4
Bxf4 22. exf4 Qxf4 23. Rf1 Qe3+ 24. Kh1 Re7 25. bxa5 h3 26. Ra2 Bh5 27. a6
hxg2+ 28. Rxg2 Bf3 29. a7 Bxg2+ 30. Kxg2 Kh7 31. Bxf7 Qd2+ 32. Kg1 Qg5+ 33. Kh1
e3 34. Qb8 e2 35. Bg8+ Kh6 36. Re1 Qh4 37. Qb1 Rxg8 38. Qc1+ Kh7 39. a4 Rf8 40.
Kg2 Rf2+ 0-1

[Event "Belgrade-chT Quality"]
[Site "Belgrade"]
[Date "2011.10.15"]
[Round "1"]
[White "Vujicic, Mirko"]
[Black "Milekic, Danijel"]
[Result "0-1"]
[WhiteElo "2299"]
[BlackElo "2206"]
[PlyCount "88"]
[EventDate "2011.10.15"]
[EventType "team-swiss"]
[EventRounds "11"]
[EventCountry "SRB"]
[SourceTitle "EXT 2012"]
[Source "ChessBase"]
[SourceDate "2011.11.24"]
[SourceVersion "1"]
[SourceVersionDate "2011.11.24"]
[SourceQuality "1"]

1. e4 e5 2. Nf3 Nc6 3. c3 d5 4. Qa4 Qd6 5. d4 Bd7 6. Bb5 exd4 7. exd5 Qxd5 8.
O-O Bd6 9. cxd4 Nge7 10. Nc3 Qf5 11. d5 Nb8 12. Nd4 Qh5 13. Bxd7+ Nxd7 14. g3
Qh3 15. Ne4 O-O 16. Ng5 Nb6 17. Qd1 Qd7 18. Qd3 g6 19. Ne4 Nbxd5 20. Bh6 Rfe8
21. Rfe1 Qh3 22. Nxd6 cxd6 23. Bg5 h6 24. Bd2 Rac8 25. Re4 h5 26. Rae1 Qd7 27.
Bg5 Nc6 28. Nf3 Nc7 29. Bf6 Rxe4 30. Rxe4 Qf5 31. Bc3 d5 32. Re3 Qxd3 33. Rxd3
Rd8 34. Bf6 Rd6 35. Bg5 Ne6 36. Bd2 d4 37. b4 Rd5 38. a3 Kg7 39. Be3 f6 40. Rd1
Kf7 41. Kg2 g5 42. h3 Kg6 43. g4 hxg4 44. hxg4 dxe3 0-1

[Event "RN-2011-0-00415"]
[Site "Lechenicher SchachServer"]
[Date "2011.10.14"]
[Round "?"]
[White "Cherry, Brian"]
[Black "Ventura, Bob"]
[Result "0-1"]
[WhiteElo "819"]
[BlackElo "716"]
[PlyCount "56"]
[EventDate "2011.09.29"]

1. e4 e5 2. Nf3 Nc6 3. c3 Nf6 4. d3 h6 5. d4 d6 6. Bb5 Bd7 7. Qd3 a6 8. Bc4 Be7
9. d5 Nb8 10. Nbd2 c5 11. h3 b5 12. Bb3 c4 13. Bxc4 bxc4 14. Nxc4 Bb5 15. Nfd2
Nbd7 16. b3 Nf8 17. Qg3 Ng6 18. O-O Nh5 19. Qg4 Nhf4 20. Re1 Bd7 21. Qf3 Nh4
22. Qg3 Bg5 23. Nxd6+ Kf8 24. N2c4 Qe7 25. Bxf4 Bxf4 26. Qd3 Nxg2 27. Nf5 Qg5
28. Ng3 Bxh3 0-1

[Event "Madrid San Viator op 17th"]
[Site "Madrid"]
[Date "2011.10.12"]
[Round "5"]
[White "Rosa Ramirez, Victor Diego"]
[Black "Cabanas Bravo, Juan Andres"]
[Result "0-1"]
[WhiteElo "1952"]
[BlackElo "2065"]
[PlyCount "50"]
[EventDate "2011.09.25"]
[EventType "swiss"]
[EventRounds "9"]
[EventCountry "ESP"]
[SourceTitle "EXT 2012"]
[Source "ChessBase"]
[SourceDate "2011.11.24"]
[SourceVersion "1"]
[SourceVersionDate "2011.11.24"]
[SourceQuality "1"]

1. e4 e5 2. Nf3 Nc6 3. c3 f5 4. exf5 e4 5. Ng1 Nf6 6. Ne2 d5 7. Ng3 h5 8. h4
Bd6 9. Be2 Bxg3 10. fxg3 Bxf5 11. O-O Ne7 12. d3 Qd6 13. dxe4 Nxe4 14. Bf4 Qb6+
15. Qd4 Qxb2 16. Bd3 Qxa1 17. Bxc7 O-O 18. Qb4 Nxg3 19. Bxg3 Bxd3 20. Rd1 Bc2
21. Rc1 Nf5 22. Be5 Bxb1 23. Rxb1 Qxa2 24. Qxb7 Rae8 25. Rb2 Qc4 0-1

[Event "RF-2011-0-00093"]
[Site "Lechenicher SchachServer"]
[Date "2011.10.11"]
[Round "?"]
[White "Werner, Guenter"]
[Black "Obrien, Glenn"]
[Result "1/2-1/2"]
[WhiteElo "1159"]
[BlackElo "1261"]
[PlyCount "53"]
[EventDate "2011.09.05"]

1. e4 e5 2. Nf3 Nc6 3. c3 Nf6 4. d4 exd4 5. e5 Nd5 6. cxd4 Bb4+ 7. Bd2 Bxd2+ 8.
Nbxd2 O-O 9. Bc4 Nf4 10. O-O d5 11. Bb5 a6 12. Bxc6 bxc6 13. Qa4 Rb8 14. b3 Rb5
15. Kh1 Qe7 16. a3 f6 17. Nb1 Nd3 18. exf6 Rxf6 19. Ra2 Rf4 20. b4 Bg4 21. Ng1
Qf6 22. Qxa6 Nxf2+ 23. Raxf2 Rxf2 24. Rxf2 Qxf2 25. Qxc6 Rb8 26. Qxd5+ Kh8 27.
Nc3 1/2-1/2

[Event "Belgrade-chT"]
[Site "Belgrade"]
[Date "2011.10.10"]
[Round "9.4"]
[White "Todic, Zoran"]
[Black "Popovic, Andrija"]
[Result "1-0"]
[WhiteElo "2240"]
[BlackElo "2266"]
[PlyCount "95"]
[EventDate "2011.10.01"]
[EventType "team-tourn"]
[EventRounds "11"]
[EventCountry "SRB"]
[SourceTitle "CBM 144 Extra"]
[Source "ChessBase"]
[SourceDate "2011.10.28"]
[SourceVersion "1"]
[SourceVersionDate "2011.10.28"]
[SourceQuality "1"]
[WhiteTeam "Bogoslov"]
[BlackTeam "Polet"]
[WhiteTeamCountry "YUG"]
[BlackTeamCountry "YUG"]

1. e4 e5 2. Nf3 Nc6 3. c3 d6 4. h3 g6 5. Bb5 Bg7 6. d3 Nge7 7. Nbd2 O-O 8. g4
d5 9. Qe2 a6 10. Ba4 b5 11. Bc2 Qd6 12. exd5 Nxd5 13. Ne4 Qe7 14. Bb3 Be6 15.
Be3 Nxe3 16. fxe3 Bxb3 17. axb3 f5 18. gxf5 Rxf5 19. h4 h6 20. Qg2 Qf7 21. Ke2
Ne7 22. Ng3 e4 23. Nxe4 Qxb3 24. Nfd2 Qd5 25. Rhg1 Rd8 26. d4 b4 27. Ng3 Qb5+
28. c4 Qe8 29. Rxa6 Rf7 30. Qe4 Qf8 31. Rf1 Nf5 32. Nxf5 gxf5 33. Qe6 Kh8 34.
Qg6 f4 35. Ne4 f3+ 36. Kd3 Re7 37. Nf6 Bxf6 38. Rxf6 Qg7 39. Qxh6+ Qxh6 40.
Rxh6+ Kg7 41. Rh5 Rf7 42. e4 Rf4 43. Ke3 Rf6 44. e5 Rc6 45. Rg1+ Rg6 46. Rhg5
Rxg5 47. Rxg5+ Kh6 48. Rf5 1-0

[Event "corr CiF-B.Züchner-Memorial-Finale"]
[Site "www.remoteschach.de"]
[Date "2011.10.09"]
[Round "?"]
[White "Sicker, Rolf"]
[Black "Toedter, Hans Peter"]
[Result "1/2-1/2"]
[WhiteElo "2305"]
[BlackElo "2299"]
[PlyCount "47"]
[EventDate "2011.??.??"]
[EventType "tourn (corr)"]
[SourceTitle "OM Corr 202003"]
[Source "Opening Master"]
[SourceDate "2019.05.30"]
[SourceVersion "2"]
[SourceVersionDate "2019.05.30"]
[SourceQuality "1"]

1. e4 e5 2. Nf3 Nc6 3. c3 d5 4. Qa4 f6 5. d3 Be6 6. Be3 Qd7 7. Nbd2 Bd6 8. exd5
Bxd5 9. d4 exd4 10. Bxd4 Nxd4 11. Qxd4 Ne7 12. O-O-O c5 13. Qe3 O-O-O 14. Bc4
Rhe8 15. Ne4 Qc6 16. Nxd6+ Rxd6 17. Nd2 Ng6 18. Qh3+ Qd7 19. Qxd7+ Kxd7 20.
Bxd5 Rxd5 21. Nc4 Rxd1+ 22. Rxd1+ Kc6 23. Rd6+ Kc7 24. Rd2 1/2-1/2

[Event "corr CiF-B.Züchner-Memorial-Finale"]
[Site "www.remoteschach.de"]
[Date "2011.10.09"]
[Round "?"]
[White "Sicker, Rolf"]
[Black "Mehlhorn, Wolfgang"]
[Result "1/2-1/2"]
[WhiteElo "2305"]
[BlackElo "2498"]
[PlyCount "42"]
[EventDate "2011.??.??"]
[EventType "tourn (corr)"]
[SourceTitle "OM Corr 202003"]
[Source "Opening Master"]
[SourceDate "2019.05.30"]
[SourceVersion "2"]
[SourceVersionDate "2019.05.30"]
[SourceQuality "1"]

1. e4 e5 2. Nf3 Nc6 3. c3 Nf6 4. d4 Nxe4 5. d5 Ne7 6. Nxe5 Ng6 7. Nxg6 hxg6 8.
Bd3 Nc5 9. O-O Be7 10. Bc2 d6 11. Be3 O-O 12. Nd2 Bf5 13. Re1 Re8 14. Bxf5 gxf5
15. Bd4 g6 16. Nc4 Bg5 17. Na5 Rxe1+ 18. Qxe1 Nd3 19. Qd1 Nf4 20. Be3 Nxg2 21.
Kxg2 Bxe3 1/2-1/2

[Event "Reunion op 13th"]
[Site "St Denis"]
[Date "2011.10.08"]
[Round "9"]
[White "Doulouma, Fabrice"]
[Black "Romain, Juliane"]
[Result "1-0"]
[WhiteElo "1499"]
[BlackElo "1450"]
[PlyCount "137"]
[EventDate "2011.10.01"]
[EventType "swiss"]
[EventRounds "9"]
[EventCountry "FRA"]
[SourceTitle "EXT 2012"]
[Source "ChessBase"]
[SourceDate "2011.11.24"]
[SourceVersion "1"]
[SourceVersionDate "2011.11.24"]
[SourceQuality "1"]

1. e4 e5 2. Nf3 Nc6 3. c3 Nf6 4. d3 d6 5. Bg5 Be7 6. c4 Bg4 7. Nc3 Nd4 8. h3
Bxf3 9. gxf3 c6 10. f4 h6 11. Bh4 exf4 12. f3 O-O 13. Bf2 c5 14. Be2 Qd7 15. h4
Rfe8 16. Qd2 Rab8 17. O-O-O a6 18. Qxf4 b5 19. Rdg1 Bf8 20. Qxh6 g6 21. Qg5 Nh7
22. Qd2 Bg7 23. Be3 Qe6 24. Bh6 Qe5 25. Bxg7 Qxg7 26. h5 Re6 27. Nd5 b4 28. f4
Ree8 29. f5 g5 30. h6 Nxe2+ 31. Qxe2 Qf8 32. Qh5 f6 33. Qg6+ Kh8 34. Nc7 Re7
35. Ne6 Qf7 36. Qg7+ Qxg7 37. hxg7+ Rxg7 38. Nxg7 Kxg7 39. Rh2 b3 40. a3 a5 41.
Rgh1 Nf8 42. Rh8 Rb7 43. Kd2 Re7 44. Kc3 a4 45. d4 Rxe4 46. R8h2 Rf4 47. Re1
Rxf5 48. Re7+ Kg8 49. d5 Rf3+ 50. Kd2 Ng6 51. Rd7 Ne5 52. Rxd6 Nxc4+ 53. Ke2
Re3+ 54. Kf2 Re5 55. Rxf6 Rxd5 56. Kg3 Kg7 57. Ra6 Rd4 58. Re2 g4 59. Re7+ Kf8
60. Rb7 Ke8 61. Rh6 Rd7 62. Rh8+ Ke7 63. Rh7+ Ke6 64. Rhxd7 Nxb2 65. Kxg4 c4
66. Kf3 c3 67. Ke4 c2 68. Rdc7 Nd1 69. Rc6# 1-0

[Event "POL-chT"]
[Site "Wroclaw"]
[Date "2011.10.08"]
[Round "8.3"]
[White "Heberla, Bartlomiej"]
[Black "Chojnacki, Krzysztof"]
[Result "1/2-1/2"]
[WhiteElo "2535"]
[BlackElo "2441"]
[PlyCount "66"]
[EventDate "2011.05.06"]
[EventType "team-tourn"]
[EventRounds "9"]
[EventCountry "POL"]
[SourceTitle "EXT 2012"]
[Source "ChessBase"]
[SourceDate "2011.11.24"]
[SourceVersion "1"]
[SourceVersionDate "2011.11.24"]
[SourceQuality "1"]
[WhiteTeam "Katowice"]
[BlackTeam "Poznan"]
[WhiteTeamCountry "POL"]
[BlackTeamCountry "POL"]

1. e4 e5 2. Nf3 Nc6 3. c3 d5 4. Qa4 Bd7 5. exd5 Nd4 6. Qd1 Nxf3+ 7. Qxf3 Nf6 8.
Bc4 e4 9. Qe2 Bd6 10. d3 O-O 11. dxe4 Nxe4 12. O-O Re8 13. Nd2 Ng3 14. hxg3
Rxe2 15. Bxe2 Qg5 16. Ne4 Qxd5 17. Bf3 Qb5 18. Nxd6 cxd6 19. b3 Bc6 20. c4 Qf5
21. Bxc6 bxc6 22. Rd1 Re8 23. Bf4 d5 24. cxd5 cxd5 25. Rac1 h6 26. Be3 Re7 27.
Rc5 Rd7 28. Ra5 Qc2 29. Rdxd5 Rxd5 30. Rxd5 Qxa2 31. Kh2 Qxb3 32. Ra5 Qd1 33.
Rxa7 Qh5+ 1/2-1/2

[Event "Cerdanyola del Valles op-A 29th"]
[Site "Cerdanyola del Valles"]
[Date "2011.10.08"]
[Round "2"]
[White "Vazquez Gamero, Miguel"]
[Black "Garcia Acosta, Roger"]
[Result "1-0"]
[WhiteElo "2095"]
[BlackElo "1840"]
[PlyCount "73"]
[EventDate "2011.10.01"]
[EventType "swiss"]
[EventRounds "8"]
[EventCountry "ESP"]
[SourceTitle "EXT 2013"]
[Source "ChessBase"]
[SourceDate "2012.11.22"]
[SourceVersion "1"]
[SourceVersionDate "2012.11.22"]
[SourceQuality "1"]

1. e4 e5 2. Nf3 Nc6 3. c3 Nf6 4. d4 exd4 5. e5 Ne4 6. Qe2 d5 7. exd6 f5 8. dxc7
Qxc7 9. Nbd2 Bd7 10. Nxd4 O-O-O 11. Nb5 Qb6 12. Nxe4 fxe4 13. Be3 Bc5 14. Nd6+
Kb8 15. Nc4 Bxe3 16. Nxb6 Bxb6 17. O-O-O e3 18. fxe3 Rhe8 19. e4 Ne5 20. Qh5 h6
21. Rd5 Be3+ 22. Kc2 g6 23. Qd1 Bg5 24. h4 Ng4 25. Qxg4 Bxg4 26. hxg5 Rxd5 27.
exd5 hxg5 28. Bd3 Bf5 29. Kd2 Kc7 30. Rh7+ Kb6 31. b4 a6 32. c4 Be4 33. c5+ Ka7
34. Bxe4 Rxe4 35. c6 Rd4+ 36. Kc3 Rxd5 37. c7 1-0

[Event "SVK-chT2D 1112"]
[Site "Slovakia"]
[Date "2011.10.08"]
[Round "1.6"]
[White "Stec, Juraj"]
[Black "Foglar, Ivan"]
[Result "1-0"]
[WhiteElo "1999"]
[BlackElo "2034"]
[PlyCount "121"]
[EventDate "2011.10.08"]
[EventType "team-tourn"]
[EventRounds "11"]
[EventCountry "SVK"]
[SourceTitle "EXT 2013"]
[Source "ChessBase"]
[SourceDate "2012.11.22"]
[SourceVersion "1"]
[SourceVersionDate "2012.11.22"]
[SourceQuality "1"]

1. e4 e5 2. Nf3 Nc6 3. c3 Nf6 4. d4 d6 5. dxe5 dxe5 6. Qxd8+ Nxd8 7. Nbd2 Bd6
8. Bb5+ c6 9. Bd3 Be6 10. O-O O-O 11. Re1 Bg4 12. Nc4 Bxf3 13. Nxd6 Bh5 14. Bg5
Ne8 15. Nf5 f6 16. Be3 b6 17. a4 Nc7 18. a5 c5 19. axb6 axb6 20. b4 Nb7 21.
Bc4+ Bf7 22. Ne7+ Kh8 23. Rxa8 Nxa8 24. Nd5 Nd6 25. Bd3 Bxd5 26. exd5 c4 27.
Bf1 Rc8 28. g3 Ne4 29. Rc1 Kg8 30. f4 Kf7 31. fxe5 fxe5 32. Bg2 Nf6 33. Ra1 Nc7
34. Ra7 Kg6 35. Bh3 Nb5 36. Bxc8 Nxa7 37. Be6 Ne4 38. Bxb6 Nb5 39. Bc5 Kf6 40.
Bg8 h5 41. Kg2 g5 42. Kf3 Nexc3 43. d6 Nd4+ 44. Bxd4 exd4 45. Bxc4 d3 46. Ke3
d2 47. Kxd2 Ne4+ 48. Ke3 Nxd6 49. Kd4 g4 50. Bd3 Nf7 51. b5 Ne5 52. Be4 Ke6 53.
b6 Kd6 54. b7 Nd7 55. Bf5 Nb8 56. Ke4 Kc7 57. Bg6 h4 58. gxh4 Nd7 59. Kd5 Kd8
60. Kd6 Nb8 61. h5 1-0

[Event "SBDU-ch"]
[Site "Duisburg"]
[Date "2011.10.07"]
[Round "3"]
[White "Imbierowicz, Dirk"]
[Black "Hamm, Michael"]
[Result "0-1"]
[WhiteElo "1443"]
[BlackElo "1629"]
[PlyCount "46"]
[EventDate "2011.09.09"]
[EventType "swiss"]
[EventRounds "7"]
[EventCountry "GER"]
[SourceTitle "EXT 2015"]
[Source "ChessBase"]
[SourceDate "2014.11.20"]
[SourceVersion "1"]
[SourceVersionDate "2014.11.20"]
[SourceQuality "1"]

1. e4 e5 2. Nf3 Nc6 3. c3 Nf6 4. Qc2 d5 5. Bb5 Bd6 6. exd5 Nxd5 7. O-O Bd7 8.
d3 O-O 9. Nbd2 a6 10. Bc4 Nf6 11. Ne4 b5 12. Bb3 Nxe4 13. dxe4 Na5 14. Be3 Nxb3
15. Qxb3 c5 16. c4 bxc4 17. Qxc4 Bb5 18. Qd5 Bxf1 19. Kxf1 Qe7 20. Nd2 Rac8 21.
Nc4 Rfd8 22. Rd1 Bb8 23. Bxc5 Rxd5 0-1

[Event "Llinars del Valles Tardor op 3rd"]
[Site "Llinars del Valles"]
[Date "2011.10.07"]
[Round "2"]
[White "Amores Oliveros, Justo"]
[Black "Perez Rodriguez, Joan Antoni"]
[Result "0-1"]
[WhiteElo "1791"]
[BlackElo "2025"]
[PlyCount "73"]
[EventDate "2011.09.30"]
[EventType "swiss"]
[EventRounds "9"]
[EventCountry "ESP"]
[SourceTitle "EXT 2013"]
[Source "ChessBase"]
[SourceDate "2012.11.22"]
[SourceVersion "1"]
[SourceVersionDate "2012.11.22"]
[SourceQuality "1"]

1. e4 e5 2. Nf3 Nc6 3. c3 d5 4. Qa4 dxe4 5. Nxe5 Qd5 6. Nxc6 bxc6 7. Bc4 Qd6 8.
O-O Nf6 9. Re1 Be7 10. d4 O-O 11. Nd2 Bf5 12. Nf1 h6 13. Ng3 Bg6 14. h3 Rfe8
15. b4 Bf8 16. Ne2 Nd5 17. Bxd5 cxd5 18. Bf4 Qb6 19. Qd7 c6 20. Qg4 Qd8 21. Ng3
Bd6 22. Re3 Re6 23. h4 f5 24. Nxf5 Bxf5 25. Qxf5 Rf6 26. Qh5 Bxf4 27. Rh3 Qd7
28. Re1 Raf8 29. Qe2 Bd6 30. Rf1 Rg6 31. Kh1 Qg4 32. Qxg4 Rxg4 33. f3 Rff4 34.
Kg1 Rxh4 35. Rg3 Rf6 36. Rh3 Rxh3 37. gxh3 0-1

[Event "CRO-chT2 Centar"]
[Site "Croatia"]
[Date "2011.10.02"]
[Round "7.16"]
[White "Dinic, Nenad"]
[Black "Kovacic, Damir"]
[Result "0-1"]
[WhiteElo "2042"]
[BlackElo "2067"]
[PlyCount "58"]
[EventDate "2011.03.20"]
[EventType "team-tourn"]
[EventRounds "11"]
[EventCountry "CRO"]
[SourceTitle "EXT 2014"]
[Source "ChessBase"]
[SourceDate "2013.11.20"]
[SourceVersion "1"]
[SourceVersionDate "2013.11.20"]
[SourceQuality "1"]

1. e4 e5 2. Nf3 Nc6 3. c3 d6 4. d4 Bg4 5. Be2 Nf6 6. h3 Bxf3 7. Bxf3 Be7 8. Be3
O-O 9. Nd2 d5 10. exd5 Nxd5 11. Bxd5 Qxd5 12. Qf3 Qb5 13. d5 Nd8 14. O-O-O f5
15. Nb3 a5 16. g4 f4 17. Bd2 a4 18. Na1 Ra6 19. Kc2 Qc4 20. Rhe1 Qxa2 21. Qe4
Rb6 22. Rb1 a3 23. Bc1 Nf7 24. f3 axb2 25. Rxb2 Rxb2+ 26. Bxb2 Ba3 27. Rb1 Bxb2
28. Rxb2 Qxa1 29. Rxb7 Nd6 0-1